Szczegóły MARC21

Teoretyczno-metodyczne podstawy pracy opiekuńczo-wychowawczej w świetlicy : scenariusze zajęć wychowawczych /

003 -Nazwa inst., której nr kontr. jest w polu 001 [,]
    • @
    • Nazwa instytucji, której n kontrolny jest w polu 001
    • NUKAT
005 -DATA I CZAS OSTATNIEJ MODYFIKACJI [,]
    • @
    • pole kontrolne
    • 20241231114358.0
020 -Międzynarod. znormalizowany nr książki - ISBN [ , ]
    • a
    • Numer ISBN
    • 8391768872 Find
040 -Instytucja sporządzająca opis [ , ]
    • a
    • Instytucja, która sporządziła opis (NP)
    • WA M/GM
    • c
    • Instytucja, która sporządziła rekord (NP)
    • WA M/GM
    • d
    • Instytucja, która zmodyfikowała rekord (P)
    • WA M/IW
    • d
    • Instytucja, która zmodyfikowała rekord (P)
    • LUBL U/MZs
942 -Rodzaj dokumentu [ , ]
    • c
    • Rodzaj dokumentu
    • Książka
100 -Hasło główne - nazwa osobowa [1, ]
    • a
    • Nazwa osobowa (NP)
    • Gajewska, Grażyna.
    • 9
    • KHW
    • 24522
245 -Strefa tytułu i oznaczenia odpowiedzialności [1,0]
    • a
    • Tytuł
    • Teoretyczno-metodyczne podstawy pracy opiekuńczo-wychowawczej w świetlicy : Find
    • b
    • Ciąg dalszy tytułu (NP)
    • scenariusze zajęć wychowawczych / Find
    • c
    • Pozostałe elementy strefy tytułu i oznaczenia odpowiedzialności (NP)
    • Grażyna Gajewska, Karolina Bazydło-Stodolna.
260 -Strefa adresu wydawniczego [ , ]
    • a
    • Miejsce wydania (P)
    • Zielona Góra :
    • b
    • Nazwa wydawcy (P)
    • PEKW "Gaja",
    • c
    • Data wydania (P)
    • 2005.
300 -Strefa opisu fizycznego [ , ]
    • a
    • Określenie formy książki i/lub objętość (NP)
    • 310 s. :
    • b
    • Oznaczenie ilustracji (NP)
    • il. ;
    • c
    • Format (NP)
    • 21 cm.
336 -Typ zawartości [ , ]
    • a
    • Termin opisujący typ zawartości
    • Tekst
    • b
    • Kod określający zawartość
    • txt
    • 2
    • Źródło (terminu i kodu)
    • rdacontent
337 -Typ mediów [ , ]
    • a
    • Tryb odtwarzania
    • Bez urządzenia pośredniczącego
    • b
    • Kod typu mediów
    • n
    • 2
    • Źródło (terminu i kodu)
    • rdamedia
338 -Typ/rodzaj nośnika [ , ]
    • a
    • Hasło opisujące typ nośnika
    • Wolumin
    • b
    • Kod typu nośnika
    • nc
    • 2
    • Źródło (terminu i kodu)
    • rdacarrier
500 -Uwaga ogólna [ , ]
    • a
    • Uwaga ogólna (NP)
    • Na okł. i grzb. oznaczono jako 8.
504 -Uwaga dot. bibliogr. załącznikowej [ , ]
    • a
    • Uwaga dot. bibliografii załącznikowej
    • Bibliogr. s. 271-277.
521 -Uwaga dot. przeznaczenia czytelniczego [8, ]
    • a
    • Uwaga dot. przeznaczenia czytelniczego
    • Książka dla studentów pedagogiki, wolontariuszy w świetlicach, wychowawców, nauczycieli, podmiotów organizujących świetlice oraz osób decydująch o tworzeniu lub likwidowaniu tych placówek.
080 -Uniwersalna Klasyfikacja Dziesiętna [ , ]
    • 2
    • Identyfikator wydania tablic
    • UDC-P022
    • a
    • Symbol klasyfikacji
    • 371.322
    • b
    • Dopowiedzenie
    • Praca uczniów. Praca w domu. Praca w klasie. Praca nadobowiązkowa. Referaty i odczyty uczniów. Praca pozalekcyjna.
    • x
    • Poddział wspólny
    • (075.8)
    • b
    • Dopowiedzenie
    • (Podręczniki dla szkół wyższych. Skrypty).
080 -Uniwersalna Klasyfikacja Dziesiętna [ , ]
    • 2
    • Identyfikator wydania tablic
    • UDC-P022
    • a
    • Symbol klasyfikacji
    • 371.8
    • b
    • Dopowiedzenie
    • Życie uczniów. Organizacje uczniowskie. Świetlice i kluby szkolne. Szkolne koła naukowe. Zwyczaje szkolne. Strajki szkolne.
    • x
    • Poddział wspólny
    • (075.8)
    • b
    • Dopowiedzenie
    • (Podręczniki dla szkół wyższych. Skrypty).
650 -Hasło przedmiotowe [ ,7]
    • a
    • Hasło przedmiotowe
    • Wychowanie dzieci
    • x
    • Określnik rzeczowy
    • studia i nauczanie
    • z
    • Określnik geograficzny
    • Polska
    • y
    • Określnik chronologiczny
    • 1990-.
    • 2
    • Źródło terminu
    • kaba
    • 9
    • KHW
    • 366246
650 -Hasło przedmiotowe [ ,7]
    • a
    • Hasło przedmiotowe
    • Świetlice dla dzieci.
    • 2
    • Źródło terminu
    • kaba
    • 9
    • KHW
    • 159586
650 -Hasło przedmiotowe [ ,7]
    • a
    • Hasło przedmiotowe
    • Opieka nad dziećmi w wieku szkolnym.
    • 2
    • Źródło terminu
    • kaba
    • 9
    • KHW
    • 160572
980 -Symbol UKD [ , ]
    • a
    • UKD
    • 371.322:371.8](075.8)
700 -Hasło dodatkowe - nazwa osobowa [1, ]
    • a
    • Nazwa osobowa (NP)
    • Bazydło-Stodolna, Karolina. Find
    • 9
    • KHW
    • 583066
920 -ISBN [ , ]
    • a
    • ISBN
    • 83-917688-7-2 Find
Lokalizacja Data inwentaryzacji Numer inwentarzowy Status udost.
BG2007-02-26Pd.182591
BG2024-09-02WM.28998-3